<?xml version="1.0" encoding="UTF-8"?><?xml-stylesheet type="text/xsl" href="static/style.xsl"?><OAI-PMH xmlns="http://www.openarchives.org/OAI/2.0/" xmlns:xsi="http://www.w3.org/2001/XMLSchema-instance" xsi:schemaLocation="http://www.openarchives.org/OAI/2.0/ http://www.openarchives.org/OAI/2.0/OAI-PMH.xsd"><responseDate>2026-06-07T19:16:20Z</responseDate><request verb="GetRecord" identifier="oai:docta.ucm.es:20.500.14352/136965" metadataPrefix="marc">https://docta.ucm.es/rest/oai/request</request><GetRecord><record><header><identifier>oai:docta.ucm.es:20.500.14352/136965</identifier><datestamp>2026-05-27T23:48:35Z</datestamp><setSpec>com_20.500.14352_14</setSpec><setSpec>col_20.500.14352_18</setSpec></header><metadata><record xmlns="http://www.loc.gov/MARC21/slim" xmlns:dcterms="http://purl.org/dc/terms/" xmlns:xsi="http://www.w3.org/2001/XMLSchema-instance" xmlns:doc="http://www.lyncode.com/xoai" xsi:schemaLocation="http://www.loc.gov/MARC21/slim http://www.loc.gov/standards/marcxml/schema/MARC21slim.xsd">
   <leader>00925njm 22002777a 4500</leader>
   <datafield ind2=" " ind1=" " tag="042">
      <subfield code="a">dc</subfield>
   </datafield>
   <datafield ind2=" " ind1=" " tag="720">
      <subfield code="a">Valtierra Lacalle, Ana María</subfield>
      <subfield code="e">author</subfield>
   </datafield>
   <datafield ind2=" " ind1=" " tag="720">
      <subfield code="a">Rodríguez López, María Isabel</subfield>
      <subfield code="e">author</subfield>
   </datafield>
   <datafield ind2=" " ind1=" " tag="720">
      <subfield code="a">Asenjo Bejarano, Águeda</subfield>
      <subfield code="e">author</subfield>
   </datafield>
   <datafield ind2=" " ind1=" " tag="720">
      <subfield code="a">López Fic, Carolina</subfield>
      <subfield code="e">author</subfield>
   </datafield>
   <datafield ind2=" " ind1=" " tag="720">
      <subfield code="a">Pérez Grande, Margarita</subfield>
      <subfield code="e">author</subfield>
   </datafield>
   <datafield ind2=" " ind1=" " tag="720">
      <subfield code="a">Gómez Mayordomo, Andrea</subfield>
      <subfield code="e">author</subfield>
   </datafield>
   <datafield ind2=" " ind1=" " tag="720">
      <subfield code="a">Gallinal Moreno, Ana María</subfield>
      <subfield code="e">author</subfield>
   </datafield>
   <datafield ind2=" " ind1=" " tag="720">
      <subfield code="a">Benavides Téllez, Lidia</subfield>
      <subfield code="e">author</subfield>
   </datafield>
   <datafield ind2=" " ind1=" " tag="720">
      <subfield code="a">Furnica Slusaru, Ioana Aída</subfield>
      <subfield code="e">author</subfield>
   </datafield>
   <datafield ind2=" " ind1=" " tag="720">
      <subfield code="a">Pérez Agustín, María Mercedes</subfield>
      <subfield code="e">author</subfield>
   </datafield>
   <datafield ind2=" " ind1=" " tag="720">
      <subfield code="a">Romero Mayorga, Claudina</subfield>
      <subfield code="e">author</subfield>
   </datafield>
   <datafield ind2=" " ind1=" " tag="720">
      <subfield code="a">Hoyo Calleja, Javier del</subfield>
      <subfield code="e">author</subfield>
   </datafield>
   <datafield ind2=" " ind1=" " tag="720">
      <subfield code="a">Arroyo de la Fuente, Amparo</subfield>
      <subfield code="e">author</subfield>
   </datafield>
   <datafield ind2=" " ind1=" " tag="720">
      <subfield code="a">Calderón Acedo, Mónica</subfield>
      <subfield code="e">author</subfield>
   </datafield>
   <datafield ind2=" " ind1=" " tag="720">
      <subfield code="a">Voltán, Eleonora</subfield>
      <subfield code="e">author</subfield>
   </datafield>
   <datafield ind2=" " ind1=" " tag="720">
      <subfield code="a">Lópoz Mújica, Montserrat</subfield>
      <subfield code="e">author</subfield>
   </datafield>
   <datafield ind2=" " ind1=" " tag="720">
      <subfield code="a">González Serrano, Pilar</subfield>
      <subfield code="e">author</subfield>
   </datafield>
   <datafield ind2=" " ind1=" " tag="260">
      <subfield code="c">2026-05</subfield>
   </datafield>
   <datafield ind2=" " ind1=" " tag="520">
      <subfield code="a">Arte y mito. Iconografía y patrimonio botánico se adentra en el fascinante mundo de los mitos vegetales, historias que diferentes culturas han creado para explicar su relación con las plantas. Lejos de centrarse solo en los grandes referentes clásicos —Egipto, Grecia y Roma—, el libro amplía la mirada e incorpora relatos de Asia y América, mostrando cómo, a lo largo del tiempo, las sociedades han utilizado árboles, flores y frutos para hablar de la vida, la muerte, el 
origen del mundo o la identidad de un pueblo. 
A través de estas narraciones y de las obras de arte que las acompañan, descubrimos que muchas culturas comparten una misma idea: las plantas no son solo parte del paisaje, sino símbolos esenciales para entender los ciclos vitales y los valores colectivos. Ahora bien, esta visión casi sagrada de la naturaleza no siempre ha sido la dominante. Con el auge del pensamiento racional y científico, fue ganando terreno una mirada más utilitarista, que veía el mundo 
vegetal como un recurso que analizar o clasificar y en muchas ocasiones explotar. Esta tensión entre la admiración simbólica y el uso práctico atraviesa buena parte de nuestra historia. 
El libro se organiza en cinco grandes capítulos —Flores, Árboles, Frutos, Paisajes y Jardines—, donde se exploran mitos, metamorfosis y significados asociados a distintas especies. Para ello combina enfoques de la Mitocrítica y la Ecocrítica, dos corrientes que ayudan a entender cómo las culturas han explicado sus deseos, temores y vínculos con el entorno natural. En conjunto, la obra propone recuperar este antiguo saber botánico —presente en relatos, imágenes y tradiciones de todo el mundo— como una herramienta valiosa para reflexionar sobre nuestra relación con la naturaleza a través del arte en plena crisis ecológica</subfield>
   </datafield>
   <datafield ind1="8" ind2=" " tag="024">
      <subfield code="a">978-84-669-4019-1 (PDF)</subfield>
   </datafield>
   <datafield ind1="8" ind2=" " tag="024">
      <subfield code="a">978-84-669-4018-4 (Papel)</subfield>
   </datafield>
   <datafield ind1="8" ind2=" " tag="024">
      <subfield code="a">10.5209/mis.003</subfield>
   </datafield>
   <datafield ind1="8" ind2=" " tag="024">
      <subfield code="a">https://hdl.handle.net/20.500.14352/136965</subfield>
   </datafield>
   <datafield ind1="8" ind2=" " tag="024">
      <subfield code="a">https://www.ucm.es/ediciones-complutense/miscelanea</subfield>
   </datafield>
   <datafield ind1="8" ind2=" " tag="024">
      <subfield code="a">https://www.ucm.es/ediciones-complutense/</subfield>
   </datafield>
   <datafield ind2="0" ind1="0" tag="245">
      <subfield code="a">Arte y mito: iconografia y patrimonio botánico</subfield>
   </datafield>
</record></metadata></record></GetRecord></OAI-PMH>